000 00331nam a2200145Ia 4500
008 221030s9999 xx 000 0 und d
041 _aEnglish
082 _a105.23
_bLan
100 _aG. Langley
245 0 _aTelecommunication Primer
260 _bGalgotia Pub
_aNew Delhi
_c1986
300 _a148
650 _aECE
942 _cBK
999 _c7155
_d7155